animals by emojis - Statistics

General Stats
  • This quiz has been taken 702 times
  • The average score is 9 of 9
Answer Stats
Hint Answer % Correct
🐄 cow
100%
🐈 cat
99%
🐕 dog
99%
🦁 lion
99%
🐒 monkey
99%
🐰 rabbit
99%
🐯 tiger
99%
🐀 rat
98%
🐊 crocodile
97%
No matching quizzes found
Score Distribution
Percent of People with Each Score
Percentile by Number Answered
Your Score History
You have not taken this quiz